01053nam a22001817a 450000500170000000800410001702000180005804000070007604100120008308200210009510000200011624500220013626000540015830000260021236500600023852005610029865000120085920260129145534.0221117b ||||| |||| 00| 0 eng d a9789385990038 cAL aEnglish 223a820.33bNAGI aSudeep Nagarkar aIt was always you aHaryanabPenguin Random House India Pvt Ltdc2022 a174 p.bPBc19x13 cm. aBLCR-000104b₹159.00c₹d₹199.00e20%f10-11-2022 aHave you ever regretted a lost love? Karan and Shruti are a happily married couple. Until Karan's ex resurfaces into his life one day. Soon Karan finds himself getting nostalgic over matters of the heart and thinking fondly of his first romance. Will he put his steady and seemingly perfect marriage at stake for his ex-girlfriend? Meanwhile his best friend Aditya finds his own relationship with his wife Jasmine going through an emotional turmoil. Will both friends work towards keeping their marriage afloat, or make a decision they would later regret? afiction